Conducting polymers and composites and their application as sensors dizertačná práca

Salvato in:
Dettagli Bibliografici
Autore principale: Tabačiarová, Jana
Natura: Libro
Lingua:inglese
Pubblicazione: Bratislava STU FCHPT 2015
Accesso online:Visualizza in OPAC
Tags: Aggiungi Tag
Nessun Tag, puoi essere il primo ad aggiungerne!!

MARC

LEADER 00000nam a2200000 a 4500
005 20260127133957.0
008 160301 2015 000 0 eng d
035 |a vtls011509013 
039 9 |y 201603010936  |z mschk02 
040 |a STUSCHK1  |b slo  |c STUSCHK1  |e AACR2 
100 1 |a Tabačiarová, Jana 
245 1 |a Conducting polymers and composites and their application as sensors  |b dizertačná práca  |c Jana Tabačiarová 
260 |a Bratislava  |b STU FCHPT  |c 2015 
300 |a 135 s.  |b il.  |c 24 cm 
500 |a Training workplace: Polymer Institute, Slovak Academy of Sciences 
910 |a SCHK95 
999 |c 1343  |d 1343